Population research centres in India : (Record no. 38329)

MARC details
000 -LEADER
fixed length control field 01015nam a22002417a 4500
005 - DATE AND TIME OF LATEST TRANSACTION
control field 20100730161731.0
010 ## - LCCN (DPL NO)
LC control number ENG-97331
020 ## - INTERNATIONAL STANDARD BOOK NUMBER
International Standard Book Number 8185835586
Terms of availability 750.00
035 ## - SYSTEM CONTROL NUMBER
System control number EN-80864
037 ## - SOURCE OF ACQUISITION
Source of stock number/acquisition DBAD/PUB
082 ## - DEWEY DECIMAL CLASSIFICATION NUMBER
Classification number 304.60954
100 ## - MAIN ENTRY--PERSONAL NAME
Personal name Krishan, Gopal
245 ## - TITLE STATEMENT
Title Population research centres in India :
Remainder of title an annotated bibliography and abstracts of research 2001-2007 /
Statement of responsibility, etc by Gopal Krishan, Pawan Kumar Sharma [and] Manisha Bhatia.
260 ## - PUBLICATION, DISTRIBUTION, ETC. (IMPRINT)
Place of publication, distribution, etc Chandigarh
Name of publisher, distributor, etc Centre for Research in Rural and Industrial Development
Date of publication, distribution, etc 2010
270 ## - ADDRESS
Address 2-A, Sector 19-A, Madhya Marg
City Chandigarh
Postal code 160019
300 ## - PHYSICAL DESCRIPTION
Extent xxvi, 654p.:
Other physical details ill.
Dimensions 25cm, (Hb)
Accompanying material map
500 ## - GENERAL NOTE
General note includes index
650 ## - SUBJECT ADDED ENTRY--TOPICAL TERM
Topical term or geographic name as entry element Population Research
Geographic subdivision India
700 ## - ADDED ENTRY--PERSONAL NAME
Personal name Sharma, Pawan Kumar
9 (RLIN) 2835
700 ## - ADDED ENTRY--PERSONAL NAME
Personal name Bhatia, Manisha
9 (RLIN) 2836
942 ## - ADDED ENTRY ELEMENTS (KOHA)
Source of classification or shelving scheme Dewey Decimal Classification
Item type English Books
Classification part 304.60954
Call number suffix KRI
Holdings
Withdrawn status Lost status Not for loan Collection code Home library Current library Date acquired Source of acquisition Cost, normal purchase price Full call number Barcode Copy number Cost, replacement price Koha item type
    Not For Loan Non-fiction D.B.Act.Division D.B.Act.Division 30/07/2010 DBAD/PUB 750.00 304.60954 KRI EN-80864 1 750.00 English Books

© Delhi Public Library
Hit Counter
free hit counter